[Event "Tournoi Skype 032B"]
[Site "Skype"]
[Date "????.??.??"]
[Round "1.36"]
[White "Jimenez Del Rosario, Alsis Raynely"]
[Black "Jacinto Sebastian, Carlos Ivan"]
[Result "1-0"]
[WhiteElo "1515"]
[BlackElo "1400"]
[PlyCount "71"]

1. b3 e5 2. Bb2 d6 3. d4 e4 4. d5 f6 5. Nc3 a6 6. Nxe4 f5 7. Nd2 Nf6 8. c4 Be7
9. e3 Ng4 10. Bxg7 Rg8 11. Bc3 c6 12. e4 Bf6 13. Bxf6 Qxf6 14. exf5 Kf7 15. Ne4
Re8 16. f3 Qh4+ 17. g3 Ne3 18. gxh4 Nxd1 19. Rxd1 Bxf5 20. Bd3 Nd7 21. Kd2 Ke7
22. Nxd6 Kxd6 23. Bxf5 Nf6 24. Ne2 Re7 25. Ng3 Rae8 26. Ne4+ Kc7 27. Nxf6 Rf8
28. Ne4 Rxf5 29. d6+ Kd7 30. dxe7 Ra5 31. Nc3 Kxe7 32. Rhe1+ Kd6 33. Kc1+ Kc7
34. f4 Rf5 35. Re7+ Kb8 36. Rd8+ 1-0

[Event "Tournoi Skype 032B"]
[Site "Skype"]
[Date "????.??.??"]
[Round "1.37"]
[White "Kumar, Ajeet"]
[Black "Khatanhar, Mohit"]
[Result "0-1"]
[WhiteElo "1400"]
[BlackElo "1515"]
[PlyCount "42"]

1. e3 e5 2. c3 d5 3. d4 exd4 4. exd4 c6 5. Ne2 Bd6 6. Bd2 Bf5 7. h3 Bxb1 8.
Rxb1 Nf6 9. Nc1 O-O 10. Be2 Nbd7 11. h4 Re8 12. Nd3 Ng4 13. h5 h6 14. Qc1 Qf6
15. a3 Qf5 16. Qc2 Re7 17. g3 Nxf2 18. Nxf2 Qxc2 19. Rc1 Qf5 20. Rg1 Qf3 21.
Bxh6 Qxe2# 0-1

[Event "Tournoi Skype 032B"]
[Site "Skype"]
[Date "????.??.??"]
[Round "1.38"]
[White "Martin Fernandez, Enrique"]
[Black "Lopes, Jonatan"]
[Result "1/2-1/2"]
[WhiteElo "1513"]
[BlackElo "1400"]
[PlyCount "74"]

1. e4 e5 2. Nf3 d6 3. Bc4 Nf6 4. Nc3 Be7 5. O-O O-O 6. d4 Be6 7. Bd3 Nbd7 8.
dxe5 dxe5 9. Qe2 Nc5 10. Bc4 Bd7 11. Nxe5 Be8 12. Bg5 b5 13. Bd3 b4 14. Nd1
Ncd7 15. Bf4 Rb8 16. Ne3 Bc5 17. Nf5 g6 18. Nxd7 Nxd7 19. Qg4 Nf6 20. Qg5 Nh5
21. Qxd8 Rxd8 22. Nh6+ Kg7 23. Bd2 b3 24. axb3 Nf6 25. Bg5 Rd6 26. e5 Rd5 27.
exf6+ Kh8 28. Bf4 Bd4 29. Ng4 Bd7 30. Ne3 Rd6 31. Bxd6 cxd6 32. Rfe1 Bxf6 33.
Rxa7 Be6 34. Bc4 Bxc4 35. Nxc4 d5 36. Nd6 Bd4 37. Rxf7 Bxf2+ 1/2-1/2

[Event "Tournoi Skype 032B"]
[Site "Skype"]
[Date "????.??.??"]
[Round "1.39"]
[White "Mascarenhas, Marco"]
[Black "Valmalette, Alain"]
[Result "0-1"]
[WhiteElo "1400"]
[BlackElo "1513"]
[PlyCount "50"]

1. e4 e5 2. Nf3 Nc6 3. d4 Nf6 4. Bg5 Be7 5. dxe5 Nxe4 6. Bxe7 Qxe7 7. Qd5 Qb4+
8. Nbd2 Nxd2 9. Nxd2 Qxb2 10. Rd1 Nb4 11. Qf3 Nxc2+ 12. Ke2 Nd4+ 13. Ke1 Nxf3+
14. Nxf3 Qxa2 15. Bd3 O-O 16. Rf1 Re8 17. Rd2 Qa1+ 18. Ke2 Qc3 19. Rc2 Qa5 20.
g3 d6 21. Rb1 Bg4 22. Be4 Bxf3+ 23. Bxf3 Qxe5+ 24. Kf1 Qf5 25. Bd1 Qh3+ 0-1

[Event "Tournoi Skype 032B"]
[Site "Skype"]
[Date "????.??.??"]
[Round "1.40"]
[White "Guillaume, Mickael"]
[Black "Melo, Marcelo"]
[Result "1-0"]
[WhiteElo "1511"]
[BlackElo "1400"]
[PlyCount "47"]

1. e4 c5 2. c4 Nc6 3. Nf3 e5 4. Nc3 g6 5. d3 Bg7 6. Nd5 Qa5+ 7. Bd2 Nb4 8. Bxb4
cxb4 9. Qd2 Nf6 10. Nxb4 O-O 11. a3 Bh6 12. Qxh6 Re8 13. Be2 Ng4 14. Qh4 d6 15.
Ng5 h5 16. O-O Bd7 17. Nd5 Qd8 18. h3 Nh6 19. Kh1 b6 20. f4 exf4 21. Rxf4 Qxg5
22. Qxg5 a5 23. Qxh6 Re5 24. Nf6# 1-0

[Event "Tournoi Skype 032B"]
[Site "Skype"]
[Date "????.??.??"]
[Round "1.41"]
[White "Nunes, Lucas"]
[Black "De Coninck, Philippe"]
[Result "1-0"]
[WhiteElo "1400"]
[BlackElo "1510"]
[PlyCount "45"]

1. e4 e5 2. Nf3 Nc6 3. Bb5 a6 4. Ba4 Nf6 5. O-O b5 6. Bb3 Be7 7. Re1 d6 8. c3
Bb7 9. d3 O-O 10. Nbd2 Re8 11. Nf1 d5 12. exd5 Nxd5 13. Nxe5 Nxe5 14. Rxe5 Nf6
15. Re1 Qd7 16. Bg5 Qc6 17. f3 Rad8 18. d4 Qd6 19. Bc2 Nh5 20. Bxe7 Rxe7 21.
Qd3 g6 22. Qd2 Nf4 23. Rxe7 1-0

[Event "Tournoi Skype 032B"]
[Site "Skype"]
[Date "????.??.??"]
[Round "1.43"]
[White "Osti, Giorgio"]
[Black "Abate, Luigi"]
[Result "1/2-1/2"]
[WhiteElo "1400"]
[BlackElo "1506"]
[PlyCount "60"]

1. Nf3 d5 2. d4 Nf6 3. g3 Bg4 4. Bg2 e6 5. O-O h6 6. c3 Nbd7 7. Nbd2 c5 8. Re1
cxd4 9. cxd4 Bb4 10. a3 Ba5 11. b4 Bb6 12. e4 Bxd4 13. Rb1 O-O 14. Nxd4 Bxd1
15. Rxd1 Ng4 16. Bh3 Ngf6 17. exd5 Qb6 18. Bb2 Nxd5 19. Nc4 Qc7 20. Rbc1 Rfe8
21. Re1 N7b6 22. Nb5 Qe7 23. Nxb6 Nxb6 24. Nc7 Rac8 25. Nxe8 Rxc1 26. Rxc1 Qxe8
27. Bd4 Qa4 28. Bg2 Qxa3 29. Rb1 Qd3 30. Be4 Qxb1+ 1/2-1/2

[Event "Tournoi Skype 032B"]
[Site "Skype"]
[Date "????.??.??"]
[Round "1.44"]
[White "Rosenkoetter, David"]
[Black "Pedroso, Adriel"]
[Result "1-0"]
[WhiteElo "1505"]
[BlackElo "1400"]
[PlyCount "61"]

1. e4 g6 2. d4 Bg7 3. Nc3 d6 4. f4 Nd7 5. Nf3 e6 6. Bd3 Ne7 7. Bd2 c6 8. O-O
Qc7 9. Qe2 a6 10. a4 c5 11. d5 e5 12. f5 h6 13. f6 Nxf6 14. Rf2 Bg4 15. h3 Bxf3
16. Rxf3 Rd8 17. Raf1 Qb6 18. b3 Rc8 19. Be3 g5 20. Qf2 Neg8 21. Na2 c4 22.
Bxb6 cxd3 23. cxd3 h5 24. Rc1 Rxc1+ 25. Nxc1 g4 26. Re3 Nh6 27. Rg3 h4 28. Re3
g3 29. Qc2 Nh5 30. Qc7 Nf4 31. Qd8# 1-0

[Event "Tournoi Skype 032B"]
[Site "Skype"]
[Date "????.??.??"]
[Round "1.45"]
[White "Pingarron, Pilar"]
[Black "Malbec, Robert"]
[Result "0-1"]
[WhiteElo "1400"]
[BlackElo "1503"]
[PlyCount "62"]

1. c4 e5 2. e4 Nf6 3. Nc3 Bc5 4. g3 d6 5. Bg2 Nc6 6. Nge2 Be6 7. O-O Bxc4 8. d3
Be6 9. Be3 Bxe3 10. Kh1 Bb6 11. h3 Qc8 12. Qd2 Bxh3 13. Ng1 Bxg2+ 14. Kxg2 Qg4
15. f3 Qg6 16. Nce2 Nd4 17. Rac1 Rc8 18. a4 Nb3 19. Qc2 Nxc1 20. Qxc1 Bxg1 21.
Rxg1 h5 22. Qc4 h4 23. Kf2 hxg3+ 24. Rxg3 Rh2+ 25. Ke1 Qh6 26. Qc2 Qe3 27. Qd1
Nh5 28. Rg4 g6 29. b4 Nf4 30. Kf1 Qxf3+ 31. Kg1 Qf2# 0-1

[Event "Tournoi Skype 032B"]
[Site "Skype"]
[Date "????.??.??"]
[Round "1.46"]
[White "Nontsikelelo, Yvonne"]
[Black "Podesta, Javier"]
[Result "1-0"]
[WhiteElo "1503"]
[BlackElo "1400"]
[PlyCount "95"]

1. e4 e6 2. Nf3 d5 3. e5 Nc6 4. d4 Nge7 5. Bd3 Bd7 6. Bf4 g6 7. O-O Bg7 8. Nbd2
Nb4 9. Be2 O-O 10. a3 Na6 11. c4 c5 12. cxd5 exd5 13. Bxa6 bxa6 14. dxc5 f6 15.
Re1 Qc7 16. Rc1 Nc6 17. Qe2 Rfe8 18. Bg3 fxe5 19. Qxa6 Rab8 20. b4 Bc8 21. Qd3
Qf7 22. Qf1 Bg4 23. h3 Bxf3 24. Nxf3 Rbd8 25. Rcd1 d4 26. Qb5 Qd5 27. Bh4 Ne7
28. Bxe7 Rxe7 29. Nh4 e4 30. g4 g5 31. Nf5 Rb7 32. Qf1 Rf7 33. Nd6 Qb3 34. Nxf7
Kxf7 35. Rxe4 Qf3 36. Rde1 Kf8 37. b5 d3 38. R4e3 Qd5 39. c6 d2 40. Rd1 Qxb5
41. Qxb5 Kf7 42. Qf5+ Bf6 43. Qxh7+ Bg7 44. Rf3+ Ke6 45. c7 Rc8 46. Qf5+ Kd6
47. Qxc8 Kc6 48. Rxd2 1-0

[Event "Tournoi Skype 032B"]
[Site "Skype"]
[Date "????.??.??"]
[Round "1.47"]
[White "Saglam, Derya"]
[Black "Ruiz Aguilera, Juan Jesus"]
[Result "1-0"]
[WhiteElo "1400"]
[BlackElo "1500"]
[PlyCount "61"]

1. e4 c5 2. Nf3 a6 3. Bc4 d6 4. O-O Nf6 5. d3 Nc6 6. Nc3 e6 7. Bg5 Be7 8. Re1
O-O 9. Ne2 d5 10. exd5 exd5 11. Bb3 Bf5 12. Nf4 Re8 13. Ne5 Nxe5 14. Rxe5 Be6
15. Nxe6 fxe6 16. Rxe6 Qc7 17. Qf3 Bd6 18. Bxf6 Bxh2+ 19. Kf1 Rxe6 20. Bxd5
gxf6 21. Bxe6+ Kg7 22. Qg4+ Kh8 23. g3 Re8 24. Re1 Qd6 25. Qf5 Kg7 26. Qg4+ Kh8
27. Kg2 Qd4 28. Re4 f5 29. Qxf5 Qg7 30. Rg4 Qh6 31. Qe5+ 1-0

[Event "Tournoi Skype 032B"]
[Site "Skype"]
[Date "????.??.??"]
[Round "1.48"]
[White "Rivalta, Paolo"]
[Black "Saglam, Fatma"]
[Result "1-0"]
[WhiteElo "1499"]
[BlackElo "1400"]
[PlyCount "65"]

1. e4 e5 2. Nf3 Nc6 3. Bc4 Bc5 4. Nc3 d6 5. d3 Nf6 6. Ng5 O-O 7. O-O Bg4 8. Qd2
Nd4 9. Re1 Nh5 10. h3 Bd7 11. Ne2 h6 12. Nxd4 Bxd4 13. Nf3 Nf4 14. Nxd4 exd4
15. Qxf4 b5 16. Bb3 c5 17. a3 Qa5 18. Bd2 Qc7 19. Qg3 c4 20. Bxh6 g6 21. Bxf8
Kxf8 22. dxc4 bxc4 23. Qh4 Kg7 24. Ba2 Be6 25. Rad1 d5 26. e5 c3 27. bxc3 dxc3
28. Bxd5 Bxd5 29. Qf6+ Kh6 30. Rxd5 Qc4 31. Rd7 Qa2 32. Rxf7 Qxc2 33. Qh4# 1-0

[Event "Tournoi Skype 032B"]
[Site "Skype"]
[Date "????.??.??"]
[Round "1.49"]
[White "Solomon, Russel"]
[Black "Huerta Lopez, Cesar Rogelio"]
[Result "1-0"]
[WhiteElo "1400"]
[BlackElo "1498"]
[PlyCount "79"]

1. Nc3 e5 2. e4 Nf6 3. Bc4 c6 4. Nf3 d6 5. O-O Bg4 6. d4 Nbd7 7. Bg5 Be7 8. a4
h6 9. Be3 O-O 10. h3 Bh5 11. Qe2 Qb6 12. dxe5 Qxb2 13. exf6 Qxc3 14. fxe7 Rfe8
15. Bb3 Rxe7 16. a5 Rxe4 17. Qe1 Qf6 18. Nd2 Rh4 19. f3 Re8 20. Ne4 Qe7 21.
Bxa7 Bg6 22. Nxd6 Qxe1 23. Rfxe1 Rxe1+ 24. Rxe1 Rh5 25. Nxb7 Rb5 26. a6 Nc5 27.
Re8+ Kh7 28. Bxc5 f6 29. a7 Bxe8 30. a8=Q Bd7 31. Bf7 Rb1+ 32. Kh2 h5 33. Qg8+
Kh6 34. Qh8+ Kg5 35. Qxg7+ Kf4 36. Qg3+ Kf5 37. Qg6+ Kf4 38. Qe4+ Kg5 39. h4+
Kh6 40. Qg6# 1-0

[Event "Tournoi Skype 032B"]
[Site "Skype"]
[Date "????.??.??"]
[Round "1.50"]
[White "Chamorro Cajina, Ivan Antonio"]
[Black "Tolaro, Filippa"]
[Result "1/2-1/2"]
[WhiteElo "1490"]
[BlackElo "1400"]
[PlyCount "76"]

1. c4 c6 2. d4 d5 3. c5 Bf5 4. Nc3 e6 5. g3 Nf6 6. Bg2 Be7 7. Nf3 O-O 8. O-O
Nbd7 9. Nd2 b6 10. b4 a5 11. Ba3 axb4 12. Bxb4 bxc5 13. dxc5 Bxc5 14. Bxc5 Nxc5
15. e3 Qa5 16. Ncb1 Nce4 17. Nb3 Qb4 18. Nd4 Nc3 19. Nxc3 Qxc3 20. Rc1 Qd3 21.
Nxc6 Qxd1 22. Rfxd1 Rxa2 23. Ne7+ Kh8 24. Nxf5 exf5 25. Bxd5 Nxd5 26. Rxd5 Raa8
27. Rxf5 g6 28. Rfc5 Kg7 29. f4 Rfe8 30. Re1 Ra3 31. e4 Rea8 32. e5 Ra1 33.
Rcc1 Rxc1 34. Rxc1 h5 35. h4 f5 36. e6 Kf6 37. Re1 Re8 38. Re5 Rxe6 1/2-1/2

[Event "Tournoi Skype 032B"]
[Site "Skype"]
[Date "????.??.??"]
[Round "1.51"]
[White "Torres, Vicky"]
[Black "Conde, Abigail"]
[Result "0-1"]
[WhiteElo "1400"]
[BlackElo "1485"]
[PlyCount "86"]

1. e4 c5 2. c3 a6 3. d4 Nf6 4. Nd2 e6 5. Bc4 b5 6. Bb3 c4 7. Bc2 d5 8. Ngf3 Nc6
9. O-O Be7 10. Re1 Nh5 11. e5 Bh4 12. Nf1 b4 13. h3 O-O 14. N3h2 g6 15. Ng4 f5
16. exf6 Nxf6 17. Ne5 Nxe5 18. dxe5 Nh5 19. cxb4 Bxf2+ 20. Kh2 Bxe1 21. Qxe1 d4
22. Be4 Rb8 23. a3 Qc7 24. Bf3 Ng7 25. Bh6 Rf5 26. Rd1 d3 27. Ng3 Rxe5 28. Qc3
Nf5 29. Bf4 Rbb5 30. Nxf5 exf5 31. Bxe5 Rxe5 32. Kg1 Qb6+ 33. Kh1 Qd6 34. Qxc4+
Be6 35. Qxd3 Re1+ 36. Rxe1 Qxd3 37. Rxe6 Qb1+ 38. Kh2 f4 39. Rxa6 Qxb2 40. Bd5+
Kg7 41. Ra7+ Kh6 42. h4 Qf2 43. Kh3 Qg3# 0-1

[Event "Tournoi Skype 032B"]
[Site "Skype"]
[Date "????.??.??"]
[Round "1.52"]
[White "Linares Vernet, Ana"]
[Black "Trapletti, Cosetta"]
[Result "1-0"]
[WhiteElo "1485"]
[BlackElo "1400"]
[PlyCount "77"]

1. d4 d5 2. Nf3 Nf6 3. c4 e6 4. Nc3 Bd6 5. Bg5 Nbd7 6. cxd5 exd5 7. Nxd5 c6 8.
Nc3 b5 9. a3 h6 10. Bd2 a6 11. e4 Be7 12. e5 Nd5 13. Bd3 f6 14. Bg6+ Kf8 15.
Nxd5 cxd5 16. Bb4 a5 17. Bxe7+ Qxe7 18. O-O Qe6 19. Re1 f5 20. Nh4 f4 21. Bf5
Qf6 22. exf6 Nxf6 23. Ng6+ Kf7 24. Nxh8+ Kg8 25. Be6+ Kxh8 26. Bxc8 Rxc8 27.
Qf3 Rc2 28. b3 g5 29. Qd3 Rc8 30. Qxb5 Rc3 31. Rac1 Ne4 32. Qe8+ Kg7 33. Qd7+
Kg6 34. Qe6+ Kh5 35. Qxd5 Rd3 36. Qxe4 Rxb3 37. Qe8+ Kh4 38. Qe7 Rxa3 39. Qxa3
1-0

[Event "Tournoi Skype 032B"]
[Site "Skype"]
[Date "????.??.??"]
[Round "1.53"]
[White "Tu, Harrison"]
[Black "Reese, Evan"]
[Result "0-1"]
[WhiteElo "1400"]
[BlackElo "1484"]
[PlyCount "46"]

1. e4 e5 2. Nf3 Nc6 3. Bc4 d6 4. O-O Nf6 5. Nc3 Be7 6. d4 O-O 7. dxe5 Nxe5 8.
Nxe5 dxe5 9. Qe2 Bg4 10. Qd2 Bc5 11. Nd5 Nxe4 12. Qe1 Bf5 13. c3 c6 14. Be3
cxd5 15. b4 dxc4 16. Bxc5 Re8 17. Qb1 Nd2 18. Qxf5 Nxf1 19. Rxf1 b6 20. Be3 Qd6
21. a3 e4 22. Bf4 Qd3 23. Bd2 Qxd2 0-1

[Event "Tournoi Skype 032B"]
[Site "Skype"]
[Date "????.??.??"]
[Round "1.54"]
[White "Mfengu, Daluthando"]
[Black "Viatge, Fabrice"]
[Result "1/2-1/2"]
[WhiteElo "1483"]
[BlackElo "1400"]
[PlyCount "62"]

1. e4 g6 2. Nf3 Bg7 3. d4 d6 4. Bc4 e5 5. dxe5 Be6 6. Bxe6 fxe6 7. exd6 Qxd6 8.
Qxd6 cxd6 9. O-O Nc6 10. c3 O-O-O 11. Bg5 Rd7 12. Nbd2 h6 13. Bf4 e5 14. Be3
Nf6 15. h3 Bf8 16. Nb3 Nxe4 17. Rad1 g5 18. Nfd2 Nf6 19. f3 Rg7 20. Kh2 h5 21.
Ne4 Nxe4 22. fxe4 g4 23. h4 g3+ 24. Kh3 Be7 25. Nc1 Rg4 26. Bg5 Kd7 27. Ne2
Bxg5 28. hxg5 Rxg5 29. Nxg3 Rhg8 30. Rf3 Ne7 31. Rdf1 R8g7 1/2-1/2

[Event "Tournoi Skype 032B"]
[Site "Skype"]
[Date "????.??.??"]
[Round "1.55"]
[White "Zapata Cepeda, Manuel"]
[Black "Koohnavard, Neda"]
[Result "0-1"]
[WhiteElo "1400"]
[BlackElo "1481"]
[PlyCount "34"]

1. Nh3 d5 2. e3 b6 3. Bb5+ c6 4. Ba4 Bb7 5. Nc3 b5 6. Bb3 e6 7. d3 Bb4 8. a3
Bxc3+ 9. bxc3 Nf6 10. Nf4 Nbd7 11. Nxe6 fxe6 12. O-O O-O 13. Re1 Qc7 14. d4 h5
15. a4 Ng4 16. a5 Qxh2+ 17. Kf1 Rxf2# 0-1

[Event "Tournoi Skype 032B"]
[Site "Skype"]
[Date "????.??.??"]
[Round "1.58"]
[White "Ruiz Gomez, Luz Alba"]
[Black "Molina, Maria Lucia"]
[Result "1-0"]
[WhiteElo "1472"]
[BlackElo "1395"]
[PlyCount "43"]

1. d4 f5 2. Bf4 c6 3. e3 e6 4. Nd2 Nf6 5. Ngf3 d6 6. Be2 Nbd7 7. O-O Be7 8. c4
d5 9. Rc1 O-O 10. Ne5 Ne4 11. f3 Nxd2 12. Qxd2 g6 13. Bh6 Re8 14. f4 g5 15. Bh5
Nxe5 16. dxe5 Bf8 17. Bxe8 Qxe8 18. Bxf8 Qxf8 19. fxg5 Qb4 20. Qxb4 h5 21. Qe7
a5 22. g6 1-0

[Event "Tournoi Skype 032B"]
[Site "Skype"]
[Date "????.??.??"]
[Round "1.60"]
[White "Gomez Zuluaga, Jorge Adiel"]
[Black "Bondone, Silvestre"]
[Result "1-0"]
[WhiteElo "1468"]
[BlackElo "1392"]
[PlyCount "85"]

1. e3 d5 2. d4 c6 3. c4 Be6 4. Nc3 dxc4 5. Nf3 Bg4 6. Bxc4 e6 7. Be2 Nf6 8. Qb3
Qc7 9. Ne5 Bf5 10. Bf3 Bd6 11. Nc4 Be7 12. Nd2 O-O 13. Nde4 Nfd7 14. Bd2 b5 15.
a3 Nb6 16. Ng3 Bd3 17. Na2 Bc4 18. Qd1 Bxa2 19. Rxa2 a5 20. O-O b4 21. a4 c5
22. Qc1 c4 23. Bxa8 b3 24. Ra1 Nxa8 25. Bc3 Rc8 26. Qd2 Nc6 27. f4 Qa7 28. Ne4
Nb6 29. h3 Ra8 30. Qf2 Qd7 31. Rad1 Nxa4 32. f5 Rf8 33. fxe6 Qxe6 34. Nc5 Bxc5
35. dxc5 Nxc5 36. Bd4 Ne4 37. Qf4 f6 38. Qc7 Ng3 39. Qxg3 a4 40. Bc5 Re8 41.
Rfe1 Qe5 42. Qxe5 Rxe5 43. Ba3 1-0

[Event "Tournoi Skype 032B"]
[Site "Skype"]
[Date "????.??.??"]
[Round "1.62"]
[White "Vervoort, Jean-Louis"]
[Black "Alcaraz Acosta, Luisa Montserrat"]
[Result "1-0"]
[WhiteElo "1459"]
[BlackElo "1382"]
[PlyCount "67"]

1. d4 Nf6 2. Bf4 d5 3. e3 e6 4. Bd3 c5 5. c3 Nc6 6. Nd2 Bd6 7. Bg3 O-O 8. Ngf3
b6 9. Qa4 Qc7 10. O-O-O c4 11. Bb1 Bd7 12. Qc2 Na5 13. Ng5 g6 14. h4 e5 15. h5
e4 16. hxg6 Bf5 17. gxh7+ Nxh7 18. f4 Nxg5 19. fxg5 Bxg3 20. Nf3 Bf4 21. exf4
Qxf4+ 22. Qd2 Qxd2+ 23. Rxd2 Rae8 24. Ne5 e3 25. Re2 Bxb1 26. Kxb1 Nb7 27. Ng4
Nd6 28. Rh6 Nf5 29. Rf6 Re7 30. Rxf5 Rfe8 31. Nf6+ Kg7 32. Nxe8+ Rxe8 33. Re5
Rd8 34. R2xe3 1-0

[Event "Tournoi Skype 032B"]
[Site "Skype"]
[Date "????.??.??"]
[Round "1.63"]
[White "Mgwevela, Luzuko"]
[Black "Lecluyse, Koenraad"]
[Result "1-0"]
[WhiteElo "1381"]
[BlackElo "1458"]
[PlyCount "77"]

1. e4 e5 2. Nf3 Nc6 3. Nc3 d6 4. Bc4 h6 5. d3 Bg4 6. h3 Bh5 7. Be3 Nf6 8. O-O
Be7 9. Nb5 O-O 10. c3 Na5 11. Bb3 c6 12. Bc2 cxb5 13. d4 Nc4 14. Bc1 Qb6 15.
Qd3 Bxf3 16. Qxf3 exd4 17. cxd4 Qxd4 18. Rd1 Qb6 19. e5 Nxe5 20. Qf5 Rac8 21.
Bb1 a5 22. Bxh6 g6 23. Qg5 Rfd8 24. Qh4 Nc4 25. Bf4 d5 26. g4 Nxb2 27. Rd2 Rc1+
28. Kg2 Nc4 29. Re2 Re8 30. g5 Ne4 31. Be5 f6 32. gxf6 Bxf6 33. Bxf6 Nxf6 34.
Rxe8+ Nxe8 35. Qe7 Nf6 36. Bxg6 Kh8 37. Bh5 Rxa1 38. Qf8+ Ng8 39. Bf7 1-0

[Event "Tournoi Skype 032B"]
[Site "Skype"]
[Date "????.??.??"]
[Round "1.64"]
[White "Mendoza Lainez, Ricardo Jose"]
[Black "Samudio Villarreal, Eduardo"]
[Result "1/2-1/2"]
[WhiteElo "1452"]
[BlackElo "1379"]
[PlyCount "70"]

1. e4 e5 2. Nf3 Bc5 3. Bc4 Nf6 4. Bxf7+ Kxf7 5. Ng5+ Ke7 6. O-O h6 7. Nf3 Nxe4
8. d4 Bb6 9. Nc3 Nf6 10. dxe5 Ng4 11. Nd5+ Kf7 12. e6+ dxe6 13. Nf4 Qxd1 14.
Rxd1 Bxf2+ 15. Kf1 Bd7 16. b3 Bb5+ 17. c4 Bc6 18. Bb2 Rg8 19. h3 g5 20. Nh5
Ne3+ 21. Kxf2 Nxd1+ 22. Rxd1 Na6 23. Ne5+ Ke7 24. Ng4 Rgf8+ 25. Kg1 Nc5 26.
Bf6+ Kf7 27. Nxh6+ Kg6 28. Bg7 Rfe8 29. g4 Ne4 30. Rf1 Kh7 31. Rf7 Rad8 32.
Bf8+ Kh8 33. Bg7+ Kh7 34. Bf8+ Kh8 35. Bg7+ Kh7 1/2-1/2

[Event "Tournoi Skype 032B"]
[Site "Skype"]
[Date "????.??.??"]
[Round "1.65"]
[White "Ricord, Gerardo"]
[Black "Ortis, Yves"]
[Result "1-0"]
[WhiteElo "1371"]
[BlackElo "1452"]
[PlyCount "73"]

1. e4 c5 2. Nf3 Nc6 3. Bc4 e6 4. O-O d5 5. exd5 exd5 6. Bb5 Bd6 7. c4 d4 8.
Re1+ Be6 9. d3 h6 10. Nbd2 Nf6 11. h3 O-O 12. Ne4 Nxe4 13. dxe4 Ne7 14. e5 a6
15. exd6 Qxd6 16. Ba4 Bxc4 17. Qd2 Nf5 18. Ng5 f6 19. Ne4 Qe5 20. Qa5 Bb5 21.
Bxb5 axb5 22. Qxb5 d3 23. Qc4+ Kh7 24. Qxd3 Rad8 25. Qc4 b6 26. b4 Qxa1 27.
bxc5 Rd4 28. Qc2 Ra8 29. Nc3 Rc4 30. Bd2 Qxe1+ 31. Bxe1 Re8 32. Qxf5+ g6 33.
Qd7+ Kg8 34. Qxe8+ Kg7 35. cxb6 f5 36. Qe7+ Kg8 37. Qe6+ 1-0

[Event "Tournoi Skype 032B"]
[Site "Skype"]
[Date "????.??.??"]
[Round "1.66"]
[White "Montilla Bejarano, Mey"]
[Black "Carias, Nancy"]
[Result "1-0"]
[WhiteElo "1450"]
[BlackElo "1333"]
[PlyCount "73"]

1. d4 f5 2. c4 Nf6 3. Nc3 e6 4. a3 d5 5. h3 c6 6. cxd5 cxd5 7. Bf4 Nc6 8. Nb5
Bd6 9. Nxd6+ Kd7 10. Nf7 Qf8 11. Nxh8 Qxh8 12. Qa4 Ne4 13. Nf3 h6 14. Ne5+ Ke7
15. Nxc6+ bxc6 16. Qxc6 g5 17. Qxa8 gxf4 18. Rc1 Qxd4 19. Rc7+ Kf6 20. Rc2 Nxf2
21. Rd2 Qe4 22. Kxf2 f3 23. Qxc8 fxg2 24. Bxg2 Qf4+ 25. Ke1 Qg3+ 26. Kd1 Qxg2
27. Qd8+ Ke5 28. Re1 Qxh3 29. Rd3 Qg4 30. Re3+ Kd4 31. Kd2 f4 32. Qf6+ Kc4 33.
Rc1+ Kb5 34. a4+ Kxa4 35. Qd4+ Kb5 36. Rb3+ Ka6 37. Ra1# 1-0

[Event "Tournoi Skype 032B"]
[Site "Skype"]
[Date "????.??.??"]
[Round "1.67"]
[White "Schllosser, Marcos Antonio"]
[Black "Maccaferri, Massimo"]
[Result "1-0"]
[WhiteElo "1328"]
[BlackElo "1444"]
[PlyCount "45"]

1. d4 e5 2. d5 e4 3. Be3 b6 4. Nc3 Bb4 5. Qd2 Bb7 6. a3 Bc5 7. Bxc5 bxc5 8. e3
Nf6 9. Bc4 c6 10. d6 Qb6 11. b3 a5 12. Nf3 a4 13. O-O exf3 14. g3 h5 15. Nxa4
h4 16. Nxb6 Ra7 17. Qd1 hxg3 18. fxg3 g5 19. Qxf3 Rh6 20. g4 Nd5 21. e4 Nxb6
22. Qxf7+ Kd8 23. Qf8# 1-0

[Event "Tournoi Skype 032B"]
[Site "Skype"]
[Date "????.??.??"]
[Round "1.69"]
[White "Cassano, Mariangela"]
[Black "Vargas, Elvin"]
[Result "0-1"]
[WhiteElo "1306"]
[BlackElo "1443"]
[PlyCount "58"]

1. e4 e5 2. Nf3 Nc6 3. d3 Bc5 4. c4 Nf6 5. b3 O-O 6. Be2 d6 7. O-O Bg4 8. h3
Bxf3 9. Bxf3 Bd4 10. Re1 Bxa1 11. Qc2 Bd4 12. Nd2 Nb4 13. Qd1 Nxd3 14. Rf1 Nh5
15. Bxh5 Qg5 16. Nf3 Nf4 17. Nxg5 Nxh5 18. Qxd4 exd4 19. Re1 Rae8 20. Bd2 h6
21. Nf3 Nf6 22. Nxd4 Nxe4 23. Rxe4 Rxe4 24. f3 Rxd4 25. Be3 Rd1+ 26. Kh2 Re8
27. Bf4 Re2 28. h4 Ra1 29. Kh3 Raxa2 0-1

[Event "Tournoi Skype 032B"]
[Site "Skype"]
[Date "????.??.??"]
[Round "2.1"]
[White "Nontsikelelo, Yvonne"]
[Black "Pouteau, Pascal"]
[Result "0-1"]
[WhiteElo "1503"]
[BlackElo "1616"]
[PlyCount "100"]

1. e4 g6 2. Bc4 Bg7 3. Nf3 e6 4. d3 Nc6 5. c3 Nge7 6. d4 O-O 7. O-O a6 8. Bg5
d5 9. Bxe7 Nxe7 10. exd5 exd5 11. Bb3 Re8 12. Re1 Bf5 13. Nbd2 Qd7 14. Nh4 Be6
15. h3 Bf6 16. Nhf3 c6 17. Rc1 b5 18. Nf1 a5 19. a4 Rab8 20. N1d2 bxa4 21. Bxa4
Bg7 22. Nb3 Bh6 23. Nc5 Qc8 24. Rc2 Bf5 25. Rce2 Bf8 26. Nh4 Bxh3 27. gxh3 Qxh3
28. Ng2 Qc8 29. Na6 Qxa6 30. b3 Qc8 31. Qd3 Qd7 32. c4 Bg7 33. cxd5 Nxd5 34.
Rxe8+ Rxe8 35. Rxe8+ Qxe8 36. Qa6 Bxd4 37. Bxc6 Qe6 38. Qa8+ Kg7 39. Bxd5 Qe2
40. Qxa5 Bxf2+ 41. Kh1 Qh5+ 42. Nh4 Qxh4+ 43. Kg2 Qg3+ 44. Kf1 Qg1+ 45. Ke2 Bd4
46. Kd3 Qe3+ 47. Kc4 h5 48. Qc7 Qc1+ 49. Kxd4 Qxc7 50. b4 h4 0-1

[Event "Tournoi Skype 032B"]
[Site "Skype"]
[Date "????.??.??"]
[Round "2.2"]
[White "Rivalta, Paolo"]
[Black "Moumtaz, Abderrahim"]
[Result "1-0"]
[WhiteElo "1499"]
[BlackElo "1598"]
[PlyCount "57"]

1. e4 e5 2. Nf3 Nc6 3. Bc4 Bc5 4. Nc3 Nf6 5. O-O O-O 6. d3 d6 7. Bg5 Be6 8. Bb5
a6 9. Bxc6 bxc6 10. Re1 Re8 11. h3 h6 12. Bh4 Rb8 13. b3 Bb4 14. Qd2 Kh8 15. a3
Bc5 16. b4 Bb6 17. d4 exd4 18. Nxd4 c5 19. Nc6 Qd7 20. Nxb8 Rxb8 21. Bxf6 gxf6
22. Qxh6+ Kg8 23. Qxf6 Bxh3 24. Qg5+ Kf8 25. Qh6+ Ke7 26. gxh3 c6 27. e5 d5 28.
Qf6+ Ke8 29. e6 1-0

[Event "Tournoi Skype 032B"]
[Site "Skype"]
[Date "????.??.??"]
[Round "2.4"]
[White "Crocioni, Luca"]
[Black "Ruiz Gomez, Luz Alba"]
[Result "1-0"]
[WhiteElo "1566"]
[BlackElo "1472"]
[PlyCount "73"]

1. e4 e5 2. Bc4 Nf6 3. Nc3 Bc5 4. Nd5 Nxe4 5. Qg4 Nf6 6. Qxg7 Rg8 7. Nxf6+ Qxf6
8. Qxf6 Rf8 9. Qxe5+ Kd8 10. Qxc5 Re8+ 11. Ne2 b6 12. Qg5+ Re7 13. Bxf7 d6 14.
d4 Kd7 15. Qg4+ Kd8 16. Qg8+ Kd7 17. d5 c6 18. Be6+ Rxe6 19. Qxe6+ Kc7 20. Qf7+
Nd7 21. c4 Ba6 22. b3 Rf8 23. Qxh7 Bc8 24. Be3 Kb7 25. O-O Ka6 26. dxc6 Ne5 27.
Qe7 Rf7 28. Qxd6 Ng4 29. Nc3 Rf5 30. Qd8 Be6 31. b4 Rh5 32. c7 Kb7 33. b5 Bc8
34. Bf4 Rf5 35. g3 Rc5 36. Ne4 Rxc4 37. Nd6+ 1-0

[Event "Tournoi Skype 032B"]
[Site "Skype"]
[Date "????.??.??"]
[Round "2.5"]
[White "Luna Perez Vico, Lorenzo"]
[Black "Gomez Zuluaga, Jorge Adiel"]
[Result "1/2-1/2"]
[WhiteElo "1562"]
[BlackElo "1468"]
[PlyCount "48"]

1. e4 Nc6 2. Nf3 d6 3. d4 Bg4 4. Be2 a6 5. d5 Bxf3 6. Bxf3 Ne5 7. Be2 Nf6 8.
Nc3 g6 9. f4 Ned7 10. O-O Bh6 11. f5 Bxc1 12. Qxc1 h5 13. fxg6 fxg6 14. Qg5 Nf8
15. e5 dxe5 16. Qxe5 Qd6 17. Qxd6 cxd6 18. Bd3 Kf7 19. Ne4 N8d7 20. Ng5+ Kg7
21. Ne6+ Kh7 22. Ng5+ Kg7 23. Ne6+ Kh7 24. Ng5+ Kg7 1/2-1/2